| 000 | 00733nam a22002057a 4500 | ||
|---|---|---|---|
| 005 | 20220411102934.0 | ||
| 008 | 220411b ||||| |||| 00| 0 eng d | ||
| 020 | _a978 0 367 37636 9 | ||
| 040 |
_bAIMIT LIBRARY _cAIMIT LIBRARY |
||
| 082 |
_21 _a658.3044 _bRICC |
||
| 100 |
_aRickard, Cat . _929127 |
||
| 245 |
_aGoing global : _bmanaging the HR function across countries and cultures / _cBy Cat Rickard; Jodi Baker and Yonca Tiknaz. |
||
| 300 |
_aix,108p.; _c28.5 cm. |
||
| 650 |
_aReasons for process globalisations _929128 |
||
| 650 |
_alanguages spoken globally _929129 |
||
| 650 |
_aperformance metrics _929130 |
||
| 700 |
_aBaker, Jodi. _929131 |
||
| 700 |
_aCrew, Yonca Tiknaz. _929132 |
||
| 942 |
_2ddc _cBK _e1 _k658.3044 RICC |
||
| 999 |
_c222335 _d222335 |
||